Globalizácia, interdependencia a integrácia (v podmienkach Slovenska)

Na minha lista:
Detalhes bibliográficos
Autor principal: Hontyová, Kajetána
Outros Autores: Táncošová, Judita
Formato: Capítulo de Livro
Idioma:eslovaco
Tags: Adicionar Tag
Sem tags, seja o primeiro a adicionar uma tag!

MARC

LEADER 00000naa$a2200000$$$4500
001 0111468
005 20240502083257.6
041 0 |a slo 
044 |a CZ 
245 1 0 |a Globalizácia, interdependencia a integrácia (v podmienkach Slovenska)  |c Kajetana Hontyová, Judita Táncošová 
100 1 |a Hontyová, Kajetána 
700 1 |a Táncošová, Judita